[Event "FIDE World Uni Rapid-B 1st"]
[Site "Tornelo INT"]
[Date "2021.03.20"]
[Round "2"]
[White "Echavarria Gonzalez, Mariana L"]
[Black "Manukyan, Artyom"]
[Result "0-1"]
[WhiteElo "1549"]
[BlackElo "2148"]
[PlyCount "50"]
[EventDate "2021.03.20"]
[EventType "swiss (rapid)"]
[EventRounds "12"]
[EventCountry "NET"]
[SourceTitle "CBM 201 Extra"]
[Source "ChessBase"]
[SourceDate "2021.05.31"]
[SourceVersion "1"]
[SourceVersionDate "2021.05.31"]
[SourceQuality "1"]

1. e4 c5 2. Nf3 d6 3. d4 cxd4 4. Nxd4 Nf6 5. Nc3 g6 6. Be3 Bg7 7. Qd2 Nc6 8. 0-0-0 Ng4 9. Nxc6 bxc6 10. Bc4 Nxe3 11. Qxe3 0-0 12. f3 Qa5 13. g4 Rb8 14. h4 Be6 15. Bb3 Bxb3 16. axb3 Qa1+ 17. Kd2 Qxb2 18. Rb1 Qa3 19. Ra1 Qb4 20. Ra4 Qb6 21. Qd3 d5 22. Rha1 dxe4 23. Qxe4 Qf2+ 24. Kd3 Rfd8+ 25. Kc4 Rd4+ 0-1

[Event "Camaguey 503 (Women)"]
[Site "Camaguey"]
[Date "2017.02.05"]
[Round "8.5"]
[White "Echavarria Gonzalez, Mariana L"]
[Black "Ramirez Borges, Elieny Yuliet"]
[Result "0-1"]
[WhiteElo "1593"]
[BlackElo "2019"]
[PlyCount "106"]
[EventDate "2017.02.01"]
[EventType "tourn"]
[EventRounds "9"]
[EventCountry "CUB"]
[SourceTitle "EXT 2023"]
[Source "ChessBase"]
[SourceDate "2022.10.05"]
[SourceVersion "1"]
[SourceVersionDate "2022.10.05"]
[SourceQuality "1"]

1. e4 e6 2. d4 d5 3. exd5 exd5 4. Bd3 Bd6 5. Nf3 Ne7 6. 0-0 0-0 7. Be3 Bf5 8. Re1 Nbc6 9. Nc3 a6 10. Qd2 Qd7 11. a3 Ng6 12. Kh1 Nce7 13. Rad1 Rfe8 14. Ne2 Bg4 15. Nfg1 Nf5 16. Bxf5 Bxf5 17. Rc1 c6 18. c3 Bc7 19. Bf4 Nxf4 20. Nxf4 Qd6 21. g3 h6 22. Nd3 Qg6 23. Ne5 Bxe5 24. dxe5 Qh5 25. f3 Qg6 26. Qd4 Qe6 27. g4 Bh7 28. Re3 f5 29. h3 fxg4 30. hxg4 Rf8 31. Nh3 Rf7 32. Nf4 Qe7 33. e6 Rf6 34. Nh5 Rg6 35. Nf4 Rf6 36. Nh5 Rff8 37. Qe5 g6 38. Nf4 Rf6 39. Nd3 Raf8 40. Kg2 g5 41. Rce1 Bxd3 42. Rxd3 Rd8 43. Kg3 Rd6 44. Rde3 Rd8 45. Kg2 Rf4 46. R3e2 c5 47. Rd1 d4 48. Red2 Rd6 49. cxd4 Rxe6 50. Qb8+ Kg7 51. dxc5 Re2+ 52. Kg1 Rxd2 53. Rxd2 Qe1+ 0-1